Catholic University of Zimbabwe Library
Online Public Access Catalogue
(OPAC)

Redes integradas de servicios de salud en Colombia y Brasil (Record no. 33195)

MARC details
000 -LEADER
fixed length control field 02804nam a22004217a 4500
001 - CONTROL NUMBER
control field 104850
003 - CONTROL NUMBER IDENTIFIER
control field KnowledgeUnlatched
005 - DATE AND TIME OF LATEST TRANSACTION
control field 20210303105004.0
006 - FIXED-LENGTH DATA ELEMENTS--ADDITIONAL MATERIAL CHARACTERISTICS
fixed length control field m o d
007 - PHYSICAL DESCRIPTION FIXED FIELD--GENERAL INFORMATION
fixed length control field cr u||||||||||
008 - FIXED-LENGTH DATA ELEMENTS--GENERAL INFORMATION
fixed length control field 210129p20182019xx o u00| u spa d
037 ## - SOURCE OF ACQUISITION
Institution to which field applies BiblioBoard
020 ## - INTERNATIONAL STANDARD BOOK NUMBER
International Standard Book Number 9789587388121
024 8# - OTHER STANDARD IDENTIFIER
Standard number or code https://doi.org/10.12804/tm9789587388121
029 1# - OTHER SYSTEM CONTROL NUMBER (OCLC)
OCLC library identifier https://library.biblioboard.com/ext/api/media/e4dd396c-695b-43ac-adeb-533910e7f58b/assets/thumbnail.jpg
040 ## - CATALOGING SOURCE
Original cataloging agency ScCtBLL
Transcribing agency ScCtBLL
245 00 - TITLE STATEMENT
Title Redes integradas de servicios de salud en Colombia y Brasil
Remainder of title Un estudio de casos /
Statement of responsibility, etc. Jean-Pierre Unger, Amparo Mogollón-Pérez, María Vázquez, Maria Ferreira Enfermera, Ingrid Vargas, Pierre de Paepe.
264 #1 - PRODUCTION, PUBLICATION, DISTRIBUTION, MANUFACTURE, AND COPYRIGHT NOTICE
Name of producer, publisher, distributor, manufacturer Editorial Universidad del Rosario,
300 ## - PHYSICAL DESCRIPTION
Extent 1 online resource.
506 0# - RESTRICTIONS ON ACCESS NOTE
Terms governing access Access copy available to the general public.
Standardized terminology for access restriction Unrestricted
Source of term star
520 ## - SUMMARY, ETC.
Summary, etc. En este libro se presenta una parte de los resultados del proyecto internacional de investigación "Impacto en la equidad de acceso y la eficiencia de las redes integradas de servicios de salud en Colombia y Brasil (Equity-LA)", financiado por la Unión Europea y en el que participaron seis instituciones de cuatro países, dos europeos (España y Bélgica) y dos latinoamericanos (Colombia y Brasil). La investigación se diseñó con el propósito de mejorar la comprensión sobre el impacto de la implementación de las redes integradas de servicios de salud en el acceso, la coordinación, la eficiencia y la equidad de acceso, en diferentes contextos de Latinoamérica. El estudio además de evidencia, generó nuevas preguntas, que dieron lugar al proyecto Equity LA II (www.equity-la.eu), actualmente en desarrollo, también financiado por la Unión Europea, que profundiza en sus resultados y amplía el análisis a cuatro países más de América Latina: Argentina, Chile, México y Uruguay.
588 0# - SOURCE OF DESCRIPTION NOTE
Source of description note Description based on print version record.
590 ## - LOCAL NOTE (RLIN)
Local note KU Open Services
650 #7 - SUBJECT ADDED ENTRY--TOPICAL TERM
Topical term or geographic name entry element Medical / Health Care Delivery
Source of heading or term bisacsh
650 #0 - SUBJECT ADDED ENTRY--TOPICAL TERM
Topical term or geographic name entry element Medicine
655 #0 - INDEX TERM--GENRE/FORM
Genre/form data or focus term Electronic books.
700 1# - ADDED ENTRY--PERSONAL NAME
Personal name Unger, Jean-Pierre
Relator term editor.
700 1# - ADDED ENTRY--PERSONAL NAME
Personal name Mogollón-Pérez, Amparo
Relator term editor.
700 1# - ADDED ENTRY--PERSONAL NAME
Personal name Vázquez, María
Relator term editor.
700 1# - ADDED ENTRY--PERSONAL NAME
Personal name Enfermera, Maria Ferreira
Relator term editor.
700 1# - ADDED ENTRY--PERSONAL NAME
Personal name Vargas, Ingrid
Relator term editor.
700 1# - ADDED ENTRY--PERSONAL NAME
Personal name de Paepe, Pierre
Relator term editor.
758 ## -
-- Is found in:
-- Knowledge Unlatched
-- https://openresearchlibrary.org/module/2774bc74-146a-484f-a7ba-ab1d6a09bbfb
856 40 - ELECTRONIC LOCATION AND ACCESS
Uniform Resource Identifier <a href="https://openresearchlibrary.org/content/e4dd396c-695b-43ac-adeb-533910e7f58b">https://openresearchlibrary.org/content/e4dd396c-695b-43ac-adeb-533910e7f58b</a>
Public note View this content on Open Research Library.
-- 0
Holdings
Withdrawn status Lost status Source of classification or shelving scheme Damaged status Not for loan Home library Current library Shelving location Date acquired Total Checkouts Date last seen Uniform Resource Identifier Price effective from Koha item type
          Digital Library Digital Library Online Access 03.03.2021   03.03.2021 https://openresearchlibrary.org/content/e4dd396c-695b-43ac-adeb-533910e7f58b 03.03.2021 eBook

OPENING HOURS

Weekdays: 0815hrs - 1800hrs
Weekends:0900hrs - 1200hrs

Closed for Mass:

Mon, Thur: 1200hrs - 1300hrs
Sunday & Public Holiday’s

CALL SUPPORT

0242-570570, 0242-570169
09200664, +263 8644140602

LOCATION

18443, Cranborne Avenue, Hatfield, Harare

Other Links


©2021 | CUZ Library